000 00347 a2200157 4500
001 184268
020 _a85-08-02804-0
040 _cMagnum
100 _aDupré, Maria José
240 1 0 _aA montanha encantada
_lpor
245 1 0 _aA montanha encantada
300 _a111
362 0 _a1989
697 _aLITERATURA INFANTO-JUVENIL
942 _cBK
999 _c184268
_d184268